Countries of the 1991 Rugby World Cup - Statistics

General Stats
  • This quiz has been taken 25 times
  • The average score is 16 of 16
Answer Stats
Answer % Correct
Argentina
100%
Australia
100%
Fiji
100%
France
100%
Ireland
100%
Italy
100%
Japan
100%
New Zealand
100%
USA
100%
Canada
94%
England
94%
Scotland
94%
Wales
94%
Western Samoa
94%
Romania
89%
Zimbabwe
89%
No matching quizzes found
Score Distribution
Percent of People with Each Score
Percentile by Number Answered
Your Score History
You have not taken this quiz